000 00403nam a2200157 4500
001 144499
003 ES-MaACL
005 20230906201030.0
007 t|
008 070214s1960 sp r ||||1| spa d
100 1 _aSiverio, G.
_9106723
245 1 0 _aRomances del valle /
_cG. Siverio.
260 _aBarcelona :
_bBayer,
_c1960.
300 _a84 p. ;
_c22 cm.
852 _aES-MaACL
_jC-19034
_bR.46327
999 _c144499
_d144499